| 000 | 00594naa a22001577a 4500 | ||
|---|---|---|---|
| 001 | 206620 | ||
| 003 | ES-MaBCM | ||
| 005 | 20230222120812.0 | ||
| 008 | 171026t2017 sp ||||| |||| 00| 0 spa d | ||
| 035 | _a(OCoLC)1365127654 | ||
| 040 | _cES-MaBCM | ||
| 100 | 1 |
_976848 _aDoménech Omedas, José Luis |
|
| 245 | 1 | 0 |
_aAcciones hostiles y objetivos militares _b: Los principios de igualdad, distinción, precaución y proporcionalidad _cJosé Luis Doménech Omedas |
| 773 | 0 |
_dValencia Tirant lo Blanch 2017 _gP. [353]-398 - Loc. 59469 _tDerecho internacional humanitario _w205448 |
|
| 942 |
_2udc _cAMON |
||
| 999 |
_c206620 _d206620 |
||